| 000 | 00599nam a2200169 i 4500 | ||
|---|---|---|---|
| 001 | 57821 | ||
| 003 | ES-MaACL | ||
| 005 | 20250809024228.0 | ||
| 007 | t| | ||
| 008 | 031017s1920 fr |||| | fre d | ||
| 100 | 1 |
_aDubois, Joseph. _945767 |
|
| 245 | 1 | 0 |
_aRapport au garde de sceaux, Ministre de la Justice, sur l'organisation et les travaux de l'office de législation et de droit international _b: (1876-1920) / _cJopseh Dubois. |
| 260 |
_aParis : _b[s.n., _c1920] ( _fImp. Nationale) |
||
| 650 | 0 | 7 |
_aDerecho internacional _2embne _911717 |
| 852 |
_aES-MaACL _j1599-F-5 |
||
| 999 |
_c57821 _d57821 |
||